00860nam a22002417a 4500003000500000005001700005008004100022010001000063011001000073035001000083040000900093082001400102100002200116245008400138260004600222300001100268490010200279650003200381650003900413700002100452710004300473830010200516CHAP20220329135542.0971013s1980 r 00010 d a38375 a39347 a43467 cCHAP a641.1bP400aPellett, Peter L. aNutritional evaluation of protein foodsb: report of working group sponsored... aTokio :bUnited Nations University,c1980 a154 p. aThe United Nations University World Hunger Programme Food and nutrition. Bulletin Supplementv; 414aAlimentosxValor nutritivo.14aProteínas en nutrición humana.0 aYoung, Vernon R.0 aOrganización de las Naciones Unidas.0 aThe United Nations University World Hunger Programme Food and nutrition. Bulletin Supplementv; 4